[Event "Feffernitz op 32nd"]
[Site "Feffernitz"]
[Date "2023.08.06"]
[Round "2"]
[White "Hartl, Daniel"]
[Black "Neubauer, Herbert"]
[Result "1-0"]
[WhiteElo "2248"]
[BlackElo "1934"]
[PlyCount "79"]
[EventDate "2023.08.05"]
[EventType "swiss"]
[EventRounds "9"]
[EventCountry "AUT"]
[SourceTitle "CBM 215 Extra"]
[Source "ChessBase"]
[SourceDate "2023.09.30"]
[SourceVersion "1"]
[SourceVersionDate "2023.09.30"]
[SourceQuality "1"]

1. d4 d5 2. c4 c6 3. Nf3 Nf6 4. e3 Bf5 5. Nc3 e6 6. Nh4 Bg6 7. Be2 Nbd7 8. 0-0 Bd6 9. g3 Ne4 10. Nxe4 Bxe4 11. f3 Bg6 12. Nxg6 hxg6 13. e4 Qc7 14. e5 Be7 15. cxd5 exd5 16. Qc2 0-0-0 17. Be3 f5 18. f4 Kb8 19. Rf2 Rh3 20. Rb1 Rdh8 21. Bf1 R3h6 22. b4 Qb6 23. Qb3 a6 24. a4 Rd8 25. b5 axb5 26. axb5 c5 27. Rd2 c4 28. Qa4 Nf8 29. Ra1 Ne6 30. Bxc4 dxc4 31. Qxc4 Nc7 32. Rda2 Kc8 33. Ra8+ Kd7 34. Rxd8+ Kxd8 35. Qg8+ Kd7 36. Qxg7 Rh5 37. Bf2 Nd5 38. Qg8 Qe6 39. Qb8 Qb6 40. Ra7 1-0

[Event "AUT-ch Blitz"]
[Site "Graz"]
[Date "2023.06.09"]
[Round "6"]
[White "Hartl, Daniel"]
[Black "Wohlfahrt, Herbert J"]
[Result "0-1"]
[WhiteElo "2248"]
[BlackElo "2329"]
[PlyCount "112"]
[EventDate "2023.06.09"]
[EventType "swiss (blitz)"]
[EventRounds "11"]
[EventCountry "AUT"]
[SourceTitle "CBM 214 Extra"]
[Source "ChessBase"]
[SourceDate "2023.07.31"]
[SourceVersion "1"]
[SourceVersionDate "2023.07.31"]
[SourceQuality "1"]

1. d4 Nf6 2. c4 e6 3. g3 d5 4. Nf3 Be7 5. Bg2 0-0 6. 0-0 Nbd7 7. Nc3 c6 8. Qc2 b6 9. e4 Bb7 10. e5 Ne8 11. cxd5 cxd5 12. Be3 Rc8 13. Rac1 Nc7 14. h4 Nb5 15. Ng5 g6 16. Qa4 Nxc3 17. bxc3 Rc4 18. Qb3 Re8 19. Rfe1 Qc7 20. Bf1 Rc8 21. Bd2 Qc6 22. Nh3 a6 23. Nf4 Ra4 24. h5 b5 25. Qb1 Nf8 26. hxg6 hxg6 27. Bd3 Kg7 28. Kg2 Ba3 29. Rcd1 b4 30. cxb4 Qb6 31. Rh1 Qxd4 32. Qb3 Bc6 33. Ne2 Qxe5 34. Bc3 d4+ 35. f3 dxc3 36. Nxc3 Rxb4 37. Qxa3 Rcb8 38. Ne4 Rb2+ 39. Nf2 Qd4 40. Rhf1 Qb4 41. Qxb4 R8xb4 42. Bxa6 Rxa2 43. Bd3 Rbb2 44. Be4 Bxe4 45. fxe4 Nh7 46. Kf3 Ng5+ 47. Ke3 Re2+ 48. Kf4 Rxf2+ 49. Rxf2 Nh3+ 50. Kf3 Nxf2 51. Rf1 Kf6 52. Rxf2 Rxf2+ 53. Kxf2 Ke5 54. Ke3 g5 55. g4 f6 56. Kf3 Kd4 0-1

[Event "Titled Tuesday intern op 30th Mar"]
[Site "Chess.com INT"]
[Date "2021.03.30"]
[Round "4"]
[White "Harris, Ian"]
[Black "Hartl, Daniel"]
[Result "1-0"]
[WhiteElo "2181"]
[BlackElo "2260"]
[PlyCount "91"]
[EventDate "2021.03.30"]
[EventType "swiss (blitz)"]
[EventRounds "11"]
[EventCountry "USA"]
[SourceTitle "CBM 201 Extra"]
[Source "ChessBase"]
[SourceDate "2021.05.31"]
[SourceVersion "1"]
[SourceVersionDate "2021.05.31"]
[SourceQuality "1"]

1. d4 d5 2. Bf4 Nf6 3. e3 Bf5 4. c4 c6 5. Nc3 e6 6. Nf3 Nbd7 7. h3 Be7 8. Qb3 Qb6 9. c5 Qxb3 10. axb3 0-0 11. b4 a6 12. Be2 Ne4 13. Nxe4 Bxe4 14. 0-0 f6 15. Nd2 Bg6 16. Bg4 Kf7 17. Nb3 Bd8 18. Bd6 Re8 19. Ra3 Be7 20. Bh2 Bd8 21. Be2 e5 22. b5 cxb5 23. Bxb5 Ke6 24. Rc1 Rc8 25. Be2 Nb8 26. Bg4+ Bf5 27. Bf3 e4 28. Be2 Nc6 29. Nd2 Bc7 30. Rb1 Nb4 31. Ra4 Nc6 32. b4 Bxh2+ 33. Kxh2 Ra8 34. Nb3 Kd7 35. Na5 Kc7 36. Nxc6 Kxc6 37. Rba1 Rab8 38. b5+ axb5 39. Ra5 Bd7 40. Bxb5+ Kc7 41. Bxd7 Kxd7 42. Rb1 Kc7 43. Kg3 Red8 44. Rab5 Re8 45. Rb6 Red8 46. Kf4 1-0

[Event "AUT-chT2M 1617"]
[Site "Austria"]
[Date "2016.11.13"]
[Round "5.5"]
[White "Titz, Heimo"]
[Black "Hartl, Daniel"]
[Result "0-1"]
[WhiteElo "2163"]
[BlackElo "2277"]
[PlyCount "130"]
[EventDate "2016.10.07"]
[EventType "team-tourn"]
[EventRounds "11"]
[EventCountry "AUT"]
[SourceTitle "CBM 175 Extra"]
[Source "ChessBase"]
[SourceDate "2016.12.12"]
[SourceVersion "1"]
[SourceVersionDate "2016.12.12"]
[SourceQuality "1"]
[WhiteTeam "Die Klagenfurter"]
[BlackTeam "Maria Saal II"]
[WhiteTeamCountry "AUT"]
[BlackTeamCountry "AUT"]

1. c4 c6 2. Nf3 d5 3. e3 Nf6 4. b3 Bg4 5. Bb2 Nbd7 6. Be2 e6 7. h3 Bh5 8. 0-0 Bd6 9. d3 0-0 10. Nbd2 e5 11. cxd5 cxd5 12. d4 e4 13. Ne5 Bxe2 14. Qxe2 Qa5 15. a3 Qb6 16. Rfc1 Rfc8 17. Kf1 h6 18. Ke1 a6 19. Kd1 Qd8 20. Nxd7 Nxd7 21. Rxc8 Rxc8 22. Rc1 Rxc1+ 23. Kxc1 Qe7 24. Nb1 f5 25. Qh5 Qe6 26. Nc3 Kh7 27. f4 exf3 28. Qxf3 Nf6 29. Kd2 Kg6 30. Kc2 Ne4 31. Nxe4 Qxe4+ 32. Qxe4 fxe4 33. Kd1 Kh5 34. Ke2 g5 35. Kf2 g4 36. hxg4+ Kxg4 37. Bc1 h5 38. Bb2 Be7 39. Bc1 Bh4+ 40. Kf1 Kg3 41. Bd2 Be7 42. Be1+ Kh2 43. a4 Bg5 44. Bd2 Kg3 45. Be1+ Kg4 46. Ke2 Be7 47. Ba5 Kg3 48. Kf1 Bd6 49. Be1+ Kg4 50. Ke2 h4 51. Ba5 Kg3 52. Kf1 h3 53. Be1+ Kg4 54. gxh3+ Kf3 55. h4 Kxe3 56. Bf2+ Kf3 57. h5 Bf4 58. Ke1 Bg5 59. Kf1 e3 60. Be1 e2+ 61. Kg1 Be3+ 62. Kh2 Bf2 63. Bd2 e1Q 64. Bxe1 Bxe1 65. h6 Bc3 0-1

[Event "EU-Cup 31st"]
[Site "Skopje"]
[Date "2015.10.24"]
[Round "7.5"]
[White "Hartl, Daniel"]
[Black "Arkell, Keith C"]
[Result "0-1"]
[WhiteElo "2261"]
[BlackElo "2505"]
[PlyCount "102"]
[EventDate "2015.10.18"]
[EventType "team-swiss"]
[EventRounds "7"]
[EventCountry "MKD"]
[SourceTitle "CBM 169"]
[Source "ChessBase"]
[SourceDate "2015.11.10"]
[SourceVersion "1"]
[SourceVersionDate "2015.11.10"]
[SourceQuality "1"]
[WhiteTeam "Maria Saal"]
[BlackTeam "Cheddleton"]
[WhiteTeamCountry "AUT"]
[BlackTeamCountry "ENG"]

1. d4 e6 2. c4 Bb4+ 3. Bd2 Bxd2+ 4. Qxd2 d6 5. g3 f5 6. Bg2 Nf6 7. Nc3 0-0 8. e4 fxe4 9. Nxe4 Nxe4 10. Bxe4 d5 11. Bd3 Qf6 12. f4 Nd7 13. Nf3 c5 14. 0-0 cxd4 15. cxd5 exd5 16. Ng5 g6 17. f5 Qd6 18. Ne6 Rf7 19. Qh6 Ne5 20. fxg6 hxg6 21. Rxf7 Kxf7 22. Ng5+ Ke8 23. Re1 Qf6 24. Bxg6+ Kd7 25. Be8+ Ke7 26. Qh5 Bf5 27. Qf7+ Qxf7 28. Rxe5+ Qe6 29. Nxe6 Bxe6 30. Bh5 Kd6 31. Re2 d3 32. Rd2 Bf5 33. Kf2 Ke5 34. Ke3 d4+ 35. Kf2 Rh8 36. g4 Be4 37. Kg3 Rc8 38. g5 Rc2 39. Rf2 Rc1 40. h4 Rg1+ 41. Kh2 Rh1+ 42. Kg3 Bf5 43. Bf3 Rh3+ 44. Kg2 Rxh4 45. Bxb7 Rg4+ 46. Kf1 Rxg5 47. Bf3 Kf4 48. Ke1 Ke3 49. Bg2 Be4 50. Bxe4 Rg1+ 51. Rf1 d2+ 0-1

[Event "EU-Cup 31st"]
[Site "Skopje"]
[Date "2015.10.22"]
[Round "5.5"]
[White "Gokerkan, Cem Kaan"]
[Black "Hartl, Daniel"]
[Result "0-1"]
[WhiteElo "2237"]
[BlackElo "2261"]
[PlyCount "112"]
[EventDate "2015.10.18"]
[EventType "team-swiss"]
[EventRounds "7"]
[EventCountry "MKD"]
[SourceTitle "CBM 169"]
[Source "ChessBase"]
[SourceDate "2015.11.10"]
[SourceVersion "1"]
[SourceVersionDate "2015.11.10"]
[SourceQuality "1"]
[WhiteTeam "Basiktas"]
[BlackTeam "Maria Saal"]
[WhiteTeamCountry "TUR"]
[BlackTeamCountry "AUT"]

1. e4 e5 2. Nf3 Nc6 3. Bc4 Nf6 4. d3 Be7 5. Bb3 0-0 6. 0-0 d6 7. c3 Kh8 8. Nbd2 h6 9. Nc4 Be6 10. Re1 Qd7 11. h3 Bxc4 12. Bxc4 Na5 13. Bb3 Nxb3 14. Qxb3 c6 15. Be3 Qc7 16. Rad1 d5 17. Bc1 dxe4 18. dxe4 Bc5 19. Qc4 Qe7 20. Nh4 b5 21. Qe2 Rfd8 22. Nf5 Qe6 23. Qf3 Ng8 24. Qg3 Qf6 25. Be3 Bxe3 26. Nxe3 Qe7 27. Ng4 f6 28. Qe3 Rxd1 29. Rxd1 Rd8 30. Rxd8 Qxd8 31. Qxa7 Qd1+ 32. Kh2 Qd2 33. f3 Qxb2 34. Ne3 Qf2 35. Qb6 Kh7 36. Qc5 h5 37. a3 h4 38. Kh1 Nh6 39. Kh2 Nf7 40. Kh1 Ng5 41. Qa7 Ne6 42. Qd7 Qxe3 43. Qxe6 Qxc3 44. Qf5+ Kh6 45. Qc8 Qxa3 46. Qh8+ Kg6 47. Qe8+ Kg5 48. Qxc6 b4 49. Qc5 Qc3 50. Qe7 Kh6 51. Kh2 b3 52. Qa3 Qc2 53. Qa4 Qb1 54. Qe8 b2 55. f4 Qxe4 56. Qh8+ Qh7 0-1

[Event "Feffernitz op 24th"]
[Site "Feffernitz"]
[Date "2015.08.22"]
[Round "8"]
[White "Hartl, Daniel"]
[Black "Neubauer, Herbert"]
[Result "0-1"]
[WhiteElo "2263"]
[BlackElo "2055"]
[PlyCount "62"]
[EventDate "2015.08.16"]
[EventType "swiss"]
[EventRounds "9"]
[EventCountry "AUT"]
[SourceTitle "EXT 2016"]
[Source "ChessBase"]
[SourceDate "2015.10.08"]
[SourceVersion "1"]
[SourceVersionDate "2015.10.08"]
[SourceQuality "1"]

1. d4 d5 2. c4 c6 3. Nf3 Bf5 4. Nc3 e6 5. e3 Nf6 6. Nh4 Bg6 7. Be2 Nbd7 8. 0-0 Bd6 9. Bd2 Ne4 10. Nxg6 Nxc3 11. Bxc3 Bxh2+ 12. Kxh2 hxg6+ 13. Kg1 Qh4 14. f4 Nf6 15. Bf3 Ne4 16. Bxe4 dxe4 17. Qc2 f5 18. Be1 Qh2+ 19. Kf2 Rh3 20. Ke2 Qxg2+ 21. Rf2 Qg3 22. Qc3 0-0-0 23. c5 g5 24. Kd2 gxf4 25. Rxf4 Rh2+ 26. Kd1 Qg1 27. Qb3 Rd5 28. Qa3 a6 29. b4 g5 30. b5 gxf4 31. bxa6 Rxd4+ 0-1

[Event "AUT-chT2M 1415"]
[Site "Austria"]
[Date "2014.11.16"]
[Round "5.5"]
[White "Frosch, Ronald"]
[Black "Hartl, Daniel"]
[Result "0-1"]
[WhiteElo "2201"]
[BlackElo "2264"]
[PlyCount "88"]
[EventDate "2014.10.03"]
[EventType "team-tourn"]
[EventRounds "11"]
[EventCountry "AUT"]
[SourceTitle "CBM 163 Extra"]
[Source "ChessBase"]
[SourceDate "2014.12.23"]
[SourceVersion "1"]
[SourceVersionDate "2014.12.23"]
[SourceQuality "1"]
[WhiteTeam "Gleisdorf"]
[BlackTeam "Maria Saal II"]
[WhiteTeamCountry "AUT"]
[BlackTeamCountry "AUT"]

1. d4 d5 2. Nf3 Nf6 3. Bf4 Bf5 4. e3 e6 5. Be2 Be7 6. 0-0 0-0 7. c3 c5 8. Nbd2 Nc6 9. h3 h6 10. Ne5 Nxe5 11. Bxe5 Qb6 12. Qb3 Nd7 13. g4 Bh7 14. Bg3 Rac8 15. Rac1 a6 16. Qxb6 Nxb6 17. dxc5 Bxc5 18. Nb3 Be7 19. Rfd1 Nc4 20. Bxc4 Rxc4 21. Rd4 Rfc8 22. Rxc4 dxc4 23. Nd4 Rd8 24. f4 Be4 25. Kf2 f6 26. Ke2 Kf7 27. Rd1 Rd5 28. Rd2 Bc5 29. Ke1 g6 30. Bf2 e5 31. fxe5 fxe5 32. Ne2 Rxd2 33. Kxd2 Bg2 34. Ng1 Ke6 35. Ke2 Kd5 36. e4+ Bxe4 37. Bxc5 Kxc5 38. h4 b5 39. a3 Bc2 40. Ke3 Bd1 41. g5 hxg5 42. hxg5 Bg4 43. Kf2 Kd5 44. Ke3 Kd6 0-1

[Event "AUT-ch"]
[Site "Feistritz an der Drau"]
[Date "2014.08.31"]
[Round "9"]
[White "Mostbauer, Florian"]
[Black "Hartl, Daniel"]
[Result "1/2-1/2"]
[WhiteElo "2128"]
[BlackElo "2290"]
[PlyCount "86"]
[EventDate "2014.08.24"]
[EventType "swiss"]
[EventRounds "9"]
[EventCountry "AUT"]
[SourceTitle "CBM 162 Extra"]
[Source "ChessBase"]
[SourceDate "2014.10.17"]
[SourceVersion "1"]
[SourceVersionDate "2014.10.17"]
[SourceQuality "1"]

1. d4 d5 2. c4 c6 3. cxd5 cxd5 4. Nc3 Nf6 5. Nf3 Nc6 6. Bf4 Bf5 7. e3 e6 8. Bd3 Bxd3 9. Qxd3 Be7 10. 0-0 0-0 11. h3 Rc8 12. Rac1 a6 13. Ne5 Nxe5 14. Bxe5 Nd7 15. Bg3 Qb6 16. Rc2 Nb8 17. Bxb8 Rxb8 18. Na4 Qb4 19. Nc5 Bxc5 20. dxc5 Rbc8 21. Rfc1 Qa4 22. b3 Qc6 23. b4 Rfd8 24. b5 axb5 25. Rb1 b6 26. Rxb5 bxc5 27. Rbxc5 Qxc5 28. Rxc5 Rxc5 29. Qa3 Rdc8 30. g4 h6 31. Kg2 Rc2 32. Qa6 Rb8 33. Qa4 Rd2 34. Kg3 g6 35. Qf4 Ra8 36. a4 Rc2 37. h4 Rc4 38. Qxh6 Raxa4 39. f3 d4 40. h5 gxh5 41. Qg5+ Kf8 42. Qd8+ Kg7 43. Qg5+ Kf8 1/2-1/2

[Event "AUT-chT2M 1314"]
[Site "Austria"]
[Date "2014.04.06"]
[Round "11.4"]
[White "Horvath, Sandor1111"]
[Black "Hartl, Daniel"]
[Result "1/2-1/2"]
[WhiteElo "2272"]
[BlackElo "2289"]
[PlyCount "87"]
[EventDate "2013.10.04"]
[EventType "team-tourn"]
[EventRounds "11"]
[EventCountry "AUT"]
[SourceTitle "EXT 2015"]
[Source "ChessBase"]
[SourceDate "2014.11.20"]
[SourceVersion "1"]
[SourceVersionDate "2014.11.20"]
[SourceQuality "1"]
[WhiteTeam "Gleisdorf"]
[BlackTeam "Maria Saal II"]
[WhiteTeamCountry "AUT"]
[BlackTeamCountry "AUT"]

1. e4 e5 2. Nf3 Nc6 3. Nc3 Nf6 4. d4 exd4 5. Nxd4 Bb4 6. Nxc6 bxc6 7. Bd3 d5 8. exd5 cxd5 9. 0-0 0-0 10. h3 h6 11. Qf3 Be6 12. Ne2 Nd7 13. Bf4 Qf6 14. c3 Bc5 15. Qg3 c6 16. Rad1 Kh8 17. Bc2 Bf5 18. Bxf5 Qxf5 19. Bd6 Rfe8 20. Bxc5 Rxe2 21. Bd4 Nf6 22. b4 Rxa2 23. Qc7 Qd7 24. Qf4 Ng8 25. Ra1 Rxa1 26. Rxa1 a6 27. Qe3 f6 28. Qd3 Qb7 29. Ra5 Ne7 30. Bc5 Nc8 31. Qe3 Na7 32. Bxa7 Rxa7 33. Qe8+ Kh7 34. Rc5 Qd7 35. Qxd7 Rxd7 36. Rxc6 d4 37. cxd4 Rxd4 38. Rb6 Kg6 39. Kf1 Kf5 40. Ke2 Ke4 41. Re6+ Kf5 42. Rb6 Ke4 43. Re6+ Kf5 44. Rb6 1/2-1/2

[Event "Steyr Landesliga 1314"]
[Site "Austria"]
[Date "2014.03.01"]
[Round "8.2"]
[White "Trbojevic, Mladen"]
[Black "Hartl, Daniel"]
[Result "1-0"]
[WhiteElo "2375"]
[BlackElo "2286"]
[PlyCount "61"]
[EventDate "2013.09.28"]
[EventType "team-tourn"]
[EventRounds "11"]
[EventCountry "AUT"]
[SourceTitle "EXT 2015"]
[Source "ChessBase"]
[SourceDate "2014.11.20"]
[SourceVersion "1"]
[SourceVersionDate "2014.11.20"]
[SourceQuality "1"]
[WhiteTeam "Feldbach Kirchberg"]
[BlackTeam "Leoben"]
[WhiteTeamCountry "AUT"]
[BlackTeamCountry "AUT"]

1. e4 e5 2. Nf3 Nc6 3. Bc4 Nf6 4. d3 Be7 5. c3 0-0 6. Bb3 d5 7. Nbd2 Bg4 8. h3 Bh5 9. Qe2 a6 10. Nf1 dxe4 11. dxe4 Bg6 12. Ng3 Nh5 13. Nxh5 Bxh5 14. g4 Bg6 15. h4 h6 16. Bd2 Qd7 17. h5 Bh7 18. Rg1 Kh8 19. 0-0-0 Bd6 20. g5 hxg5 21. Nxg5 Na5 22. Bc2 b5 23. Qf3 Nc4 24. Qg2 Rg8 25. Bb3 Raf8 26. Qf3 a5 27. h6 Nxd2 28. Rxd2 gxh6 29. Qf6+ Rg7 30. Nxh7 Rfg8 31. Ng5 1-0

[Event "AUT-chT2M 1314"]
[Site "Austria"]
[Date "2013.11.17"]
[Round "5.1"]
[White "Taggatz, Mario"]
[Black "Hartl, Daniel"]
[Result "0-1"]
[WhiteElo "2284"]
[BlackElo "2289"]
[PlyCount "92"]
[EventDate "2013.10.04"]
[EventType "team-tourn"]
[EventRounds "11"]
[EventCountry "AUT"]
[SourceTitle "EXT 2015"]
[Source "ChessBase"]
[SourceDate "2014.11.20"]
[SourceVersion "1"]
[SourceVersionDate "2014.11.20"]
[SourceQuality "1"]
[WhiteTeam "Sauwald"]
[BlackTeam "Maria Saal II"]
[WhiteTeamCountry "AUT"]
[BlackTeamCountry "AUT"]

1. d4 d5 2. Bf4 Nf6 3. e3 Bf5 4. c4 c6 5. Nc3 e6 6. Qb3 Qc8 7. Nf3 Nbd7 8. Rc1 a6 9. h3 Be7 10. Be2 0-0 11. 0-0 dxc4 12. Bxc4 b5 13. Be2 c5 14. a4 b4 15. Nb1 Qe8 16. Nbd2 cxd4 17. exd4 Nb6 18. a5 Nbd5 19. Bh2 Qd8 20. Nc4 Rc8 21. Qa4 Ne4 22. Nce5 Rxc1 23. Rxc1 Bg5 24. Re1 f6 25. Nd3 Qe7 26. Nxg5 Nxg5 27. Qc6 Qa7 28. Nc5 Qf7 29. Bd3 Bxd3 30. Nxd3 Qg6 31. Qxa6 Nf3+ 32. Kh1 Nxe1 33. Qxe6+ Kh8 34. Nxe1 Re8 35. Qxd5 Rxe1+ 36. Bg1 h6 37. a6 Ra1 38. f3 Qb1 39. Qa8+ Kh7 40. Qe4+ Qxe4 41. fxe4 Rxa6 42. e5 Kg6 43. g4 Ra2 44. e6 Rxb2 45. h4 f5 46. Bh2 Rxh2+ 0-1